|
|
|
|
| LEADER |
00000nam2a2200000 4500 |
| 001 |
238407 |
| 005 |
20250704163607.0 |
| 035 |
|
|
|a (RuTPU)RU\TPU\book\259596
|
| 035 |
|
|
|a RU\TPU\book\259462
|
| 090 |
|
|
|a 238407
|
| 100 |
|
|
|a 20130525a2011 k y0rusy50 ca
|
| 101 |
0 |
|
|a rus
|
| 102 |
|
|
|a RU
|
| 135 |
|
|
|a drnn ---uucaa
|
| 181 |
|
0 |
|a i
|
| 182 |
|
0 |
|a b
|
| 200 |
1 |
|
|a Целеполагание учащихся по отношению к профильному обучению
|f Т. С. Вьюгова, О. Б. Шамина
|
| 203 |
|
|
|a Текст
|c электронный
|
| 300 |
|
|
|a Заглавие с экрана.
|
| 461 |
|
1 |
|t Интернет-журнал "Эйдос"
|f Центр дистанционного образования "Эйдоc"
|d 1998-
|
| 610 |
1 |
|
|a электронный ресурс
|
| 610 |
1 |
|
|a труды учёных ТПУ
|
| 610 |
1 |
|
|a профильное обучение
|
| 610 |
1 |
|
|a учащиеся
|
| 610 |
1 |
|
|a планирование
|
| 610 |
1 |
|
|a постановка
|
| 610 |
1 |
|
|a цели
|
| 700 |
|
1 |
|a Вьюгова
|b Т. С.
|g Татьяна Сергеевна
|
| 701 |
|
1 |
|a Шамина
|b О. Б.
|c специалист в области машиностроения
|c доцент Томского политехнического университета, кандидат технических наук
|c заместитель директора Издательства Томского политехнического университета
|f 1955-
|g Ольга Борисовна
|3 (RuTPU)RU\TPU\pers\27844
|9 12879
|
| 712 |
0 |
2 |
|a Томский политехнический университет (ТПУ)
|c (1991-2009)
|3 (RuTPU)RU\TPU\col\376
|
| 801 |
|
2 |
|a RU
|b 63413507
|c 20130525
|g RCR
|
| 850 |
|
|
|a 63413507
|
| 856 |
4 |
|
|u http://www.eidos.ru/journal/2007/0222-20.htm
|
| 942 |
|
|
|c CF
|